000 00417 a2200157 4500
020 _a0006168647
040 _aDLC
_bDLC
082 _a823.912
100 _aChristie, Agatha.
245 _aCrooked house
_cChristie, Agatha
260 _aLondon:
_bHarper Collins Publishers,
_c1959.
300 _a188 p. ;
_b19 cm.
500 _aIncludes Index
650 _aDetective and mystery stories.
942 _cBK
_k823.912 CHR
_2ddc
999 _c4988
_d4988